The American journey (Registro nro. 16093)

Detalles MARC
000 -CABECERA
Longitud fija campo de control 00594cam a2200205 a 4500
003 - IDENTIFICADOR DELl NÚMERO DE CONTROL
Identificador del número de control OSt
005 - FECHA Y HORA DE LA ÚLTIMA TRANSACCIÓN
Fecha y hora de la última transacción 20141215090654.0
008 - CÓDIGOS DE INFORMACIÓN DE LONGITUD FIJA
Códigos de información de longitud fija 010301s2002 njuab b 001 0 eng
010 ## - NÚMERO DE CONTROL DE LA BIBLIOTECA DEL CONGRESO
Número de control de LC 2001021373
020 ## - NÚMERO INTERNACIONAL NORMALIZADO PARA LIBROS
Número Internacional Normalizado para Libros (ISBN) 0-07-825875-8
040 ## - FUENTE DE LA CATALOGACIÓN
Centro transcriptor BMC
082 ## - NÚMERO DE LA CLASIFICACIÓN DECIMAL DEWEY
Númeroo de clasificación 973
100 1# - PUNTO DE ACCESO PRINCIPAL-NOMBRE DE PERSONA
9 (RLIN) 28757
Nombre de persona Appleby, Joyce Oldham
245 04 - MENCIÓN DE TÍTULO
Título The American journey
Mención de responsabilidad, etc. Joyce Appleby ... [et al.]
260 ## - PUBLICACIÓN, DISTRIBUCIÓN, ETC. (PIE DE IMPRENTA)
Lugar de publicación, distribución, etc. New York, [etc.]
Nombre del editor, distribuidor, etc. Prentice Hall
Fecha de publicación, distribución, etc. cop. 2002
300 ## - DESCRIPCIÓN FÍSICA
Extensión 1 v. (pág. var.)
Otras características físicas il. col. maps
Dimensiones 28 cm
651 24 - PUNTO DE ACCESO ADICIONAL DE MATERIA - NOMBRE GEOGRÁFICO
Nombre geográfico Estados Unidos
Subdivisión de materia general Historia
9 (RLIN) 1264
700 1# - PUNTO DE ACCESO ADICIONAL - NOMBRE DE PERSONA
Nombre de persona Appleby, Joyce Oldham
9 (RLIN) 28757
942 ## - ENTRADA DE ELEMENTOS AGREGADOS (KOHA)
Fuente de clasificaión o esquema Dewey Decimal Classification
Koha [por defecto] tipo de item 1- Monografias
Existencias
Suprimido Perdido Fuente de clasificación o esquema Estropeado Restricciones de uso No para préstamo Código de colección Localización permanente Localización actual Localización en estanter&íacute;as Fecha adquisición Fuente de adquisición Número de inventario Préstamos totales Signatura completa Código de barras Fecha última consulta Fecha del precio de reemplazo Tipo de item de Koha Fecha último préstamo
NULL NULL Dewey Decimal Classification NULL Prestable NULL NULL Biblioteca Centro Regional de Ilobasco Biblioteca Centro Regional de Ilobasco Sala Principal 07/04/2014 CRI LI001406   973 AME 1037745 03/09/2016 03/09/2016 1- Monografias  
NULL NULL Dewey Decimal Classification NULL Prestable NULL NULL Biblioteca Centro Regional de Ilobasco Biblioteca Centro Regional de Ilobasco Sala Principal 07/04/2014 CRI LI001408 1 973 AME 1037753 22/05/2023 03/09/2016 1- Monografias 22/05/2023
NULL NULL Dewey Decimal Classification NULL Prestable NULL NULL Biblioteca Miguel de Cervantes - UNICAES Biblioteca Miguel de Cervantes - UNICAES Sala Principal 25/11/2014 Donación - Embajada Americana 025127   973 AME 1025537 25/11/2014 25/11/2014 1- Monografias  
NULL NULL Dewey Decimal Classification NULL Prestable NULL NULL Biblioteca Miguel de Cervantes - UNICAES Biblioteca Miguel de Cervantes - UNICAES Sala Principal 25/11/2014 Donación - Embajada Americana 025538   973 AME 1025538 25/11/2014 25/11/2014 1- Monografias